000 00278nam a22001337a 4500
008 170906b xxu||||| |||| 00| 0 eng d
020 _a051734923-X
041 _aeng
080 _a72
100 _a41
101 _aARK
245 _aHOME REPAIR
_cBENREY,R.M
942 _2udc
_cBK
999 _c26359
_d26359